书目信息 |
| 书名: | Encyclopedia and Dictionary of Medicine and Nursing | |
| 作者: | Benjamun F.Miller,M.D. | |
| 分册号: | ||
| 分册名: | 出版地: | Philadelphia : |
|
| 出版社: | 72 | |
| 出版时间: | 1972. | |
| 页数: | 1089 p. ; | |
| 开本: | 29cm. | |
| 丛书名: | ||
| 中图分类号: | ||
| 科图分类号: | ||
| 其他分类号: | R-62 | |
| 主题词: | ||
| 电子资源: | ||
| 000 | 00412nam 2200145 a 4500 | |
| 001 | E0155880240 | |
| 005 | 2001120515312020 | |
| 008 | 011205s1972 00010 eng | |
| 020 | @a0-7216-6355-9@bhard | |
| 040 | @aPFT@beng | |
| 090 | @aR-62 | |
| 099 | @dR-62@eM647 | |
| 245 | @aEncyclopedia and Dictionary of Medicine and Nursing / @cBenjamun F.Miller,M.D. | |
| 260 | @aPhiladelphia :@b72,@c1972. | |
| 300 | @a1089 p. ;@c29cm. | |
| Encyclopedia and Dictionary of Medicine and Nursing / / Benjamun F.Miller,M.D.-Philadelphia : : 72, , 1972. |
| 1089 p. ; ; 29cm. |
| ISBN 0-7216-6355-9hard |
| ● |
| 相关链接 |
|
|
|
正题名:Encyclopedia and Dictionary of Medicine
索取号:R-62/M647
 
预约/预借
| 序号 | 登录号 | 条形码 | 馆藏地/架位号 | 状态 | 备注 |
| 1 | 0520 | 300005205 | 自科库401/401自科库 103排2列3层/ [索取号:R-62/M647] | 在馆 |